| 000 | 00523nam a2200217Ia 4500 | ||
|---|---|---|---|
| 008 | 210210b2014 xxu||||| |||| 00| 0 eng d | ||
| 020 | _a9788184575880 | ||
| 041 | _aeng | ||
| 082 | _a302.23 SAXS | ||
| 100 | _aSAXENA (Ambrish) Ed | ||
| 245 | _aSocial media and new technologies | ||
| 260 |
_aNew Delhi _bKanishka Publishers _c2014 |
||
| 300 | _axiii,322 | ||
| 650 | _atechnologies | ||
| 650 | _aSocial | ||
| 650 | _anew | ||
| 650 | _amedia | ||
| 650 | _aand | ||
| 690 | _aMass Communication | ||
| 906 | _a068764 | ||
| 999 |
_c152947 _d152947 |
||